Bordering US States by Clue - Statistics

General Stats
  • This quiz has been taken 22 times
  • The average score is 13 of 15
Answer Stats
Hint Answer % Correct
Home of the Yankees New York
100%
The most populous state California
94%
Home of the "Windy City" Illinois
94%
The gambling capital of America Nevada
94%
Where you would find Seattle Washington
94%
Where you'd find the Grand Canyon Arizona
88%
Is made up of 2 peninsulas Michigan
88%
Where the Continental Congress met Pennsylvania
88%
The "Gem" state Idaho
82%
Where you'd find the Gateway Arch Missouri
82%
The first atomic bomb was tested here New Mexico
82%
There's a major river named after this state Ohio
82%
Was its own country for over 9 years Texas
82%
Makes more cheese than all of Italy Wisconsin
82%
Has a panhandle Oklahoma
76%
No matching quizzes found
Score Distribution
Percent of People with Each Score
Percentile by Number Answered
Your Score History
You have not taken this quiz